| 000 | 01155nam a22002657a 4500 | ||
|---|---|---|---|
| 003 | BD-DhSAU | ||
| 005 | 20190110105622.0 | ||
| 008 | 160620b2015 bg ||||| |||| 001 0 eng d | ||
| 040 | _aBD-DhSAU | ||
| 082 |
_222 _a631.4 _bP2789 |
||
| 100 |
_aPatwary, Mostafa _4REGISTRATION NO. # 08-02888 |
||
| 245 |
_aGrowth and yield of mungbean (BARI Mung-6) as influenced by different levels of nitrogen and phosphorus / _bMS thesis _c Mostafa Patwary |
||
| 260 |
_aSher-e-Bangla Agricultural University : _bDepartment of Soil Science, _c2015. |
||
| 300 |
_aix, 66 p. : _bill. ; _c30 cm. |
||
| 500 | _aMS thesis of Department of Soil Science , Faculty of Agriculture, Sher-e-Bangla Agricultural University, Dhaka, Bangladesh | ||
| 504 | _aIncludes references | ||
| 590 | _aKamim | ||
| 650 | _aSoil Science | ||
| 650 | _aGrowth and yield of mungbean (BARI Mung-6) | ||
| 650 | _ainfluenced by different levels of nitrogen and phosphorus | ||
| 700 |
_aJahan, Mst. Afrose _eSupervisor |
||
| 700 |
_aIssak, Mohammad _eCo-supervisor |
||
| 856 |
_uhttp://archive.saulibrary.edu.bd:8080/xmlui/handle/123456789/1360 _yOnline Access |
||
| 942 |
_2ddc _cTHESIS |
||
| 999 |
_c13782 _d13781 |
||